[Event "Geraardsbergen op"]
[Site "Geraardsbergen"]
[Date "2003.08.16"]
[Round "6"]
[White "De Sloovere, Michael"]
[Black "Verellen, Jef"]
[Result "0-1"]
[WhiteElo "1454"]
[BlackElo "1899"]
[PlyCount "58"]
[EventDate "2003.08.??"]
[EventType "swiss"]
[EventRounds "7"]
[EventCountry "BEL"]
[SourceTitle "EXT 2005"]
[Source "ChessBase"]
[SourceDate "2004.11.15"]
[SourceVersion "1"]
[SourceVersionDate "2004.11.15"]
[SourceQuality "1"]

1. e4 c5 2. Nf3 e6 3. d4 cxd4 4. Nxd4 Nc6 5. Nc3 a6 6. Bc4 Nge7 7. Bg5 Qa5 8. Bh4 Qc5 9. Nxc6 Nxc6 10. Bb3 Be7 11. Bxe7 Qxe7 12. a3 b5 13. 0-0 0-0 14. Re1 d6 15. Nd5 exd5 16. exd5 Ne5 17. f4 Qa7+ 18. Kh1 Ng4 19. Qf3 Nf2+ 20. Kg1 Nd3+ 21. Kh1 Nxe1 22. Rxe1 Qd7 23. c3 Bb7 24. Bc2 Rfe8 25. Rf1 f5 26. Qh3 g6 27. Qd3 Qf7 28. Bb3 Re7 29. g4 Rae8 0-1

[Event "Geraardsbergen op"]
[Site "Geraardsbergen"]
[Date "2003.08.14"]
[Round "2"]
[White "De Sloovere, Michael"]
[Black "Verlinden, Robijn"]
[Result "0-1"]
[WhiteElo "1454"]
[BlackElo "1939"]
[PlyCount "70"]
[EventDate "2003.08.??"]
[EventType "swiss"]
[EventRounds "7"]
[EventCountry "BEL"]
[SourceTitle "EXT 2005"]
[Source "ChessBase"]
[SourceDate "2004.11.15"]
[SourceVersion "1"]
[SourceVersionDate "2004.11.15"]
[SourceQuality "1"]

1. e4 d6 2. Nf3 Nf6 3. Nc3 c6 4. d4 Bg4 5. Be2 e6 6. Be3 d5 7. exd5 cxd5 8. 0-0 Nc6 9. Ne5 Bxe2 10. Qxe2 Nxe5 11. dxe5 Nd7 12. f4 g6 13. Qb5 Qc7 14. Rac1 a6 15. Qd3 Bc5 16. Nd1 b5 17. Rf3 0-0 18. g4 Rfc8 19. h4 Qa5 20. h5 Qxa2 21. hxg6 hxg6 22. Rh3 Qc4 23. Qxc4 bxc4 24. Bxc5 Nxc5 25. Ra1 Rcb8 26. Rha3 Rb6 27. Ra5 Nd7 28. R1a2 g5 29. Ne3 gxf4 30. Nxd5 exd5 31. Rxd5 Nf8 32. Rd4 Ne6 33. Rxc4 Rb5 34. Re4 Ng5 35. Kf1 Nxe4 0-1